000 00473nam a2200217 454500
001 079722
003 BD-ChCU
008 Eng
020 _ax
040 _aDLC
_cDLC
_dBD-ChCU
082 0 0 _a658.403/MED
100 1 _aMelman,Seymour.
_bx
245 1 0 _aDecision making and productivity
_bx
250 _ax
260 _aN. Y
_bWiley
_c1958
300 _axii,260p.
504 _a
650 0 _aDecision Making.
_bManagement
700 1 _ax
942 _2ddc
_cBK
999 _c79722
_d79722